Generation Z as tourism consumers the impact of childhood tourism consumption and the socialization environment - marketing activities of the tourism industry on this group
| Szerző: | |
|---|---|
| Dokumentumtípus: | Könyv része |
| Megjelent: |
Budapesti Gazdaságtudományi Egyetem
Budapest
2025
|
| Sorozat: | Szemelvények a BGE kutatásaiból 2024
|
| Tárgyszavak: | |
| doi: | 10.29180/978-615-6886-21-7_11 |
| Kulcsszavak: | generation Z childhood tourism travel behaviour socialization environment tourism marketing |
| Online Access: | http://publikaciotar.uni-bge.hu/2574 |
MARC
| LEADER | 00000naa a2200000 i 4500 | ||
|---|---|---|---|
| 001 | publ2574 | ||
| 005 | 20251125130913.0 | ||
| 008 | 251125s2025 hu o 000 zxx d | ||
| 020 | |a 978-615-6886-21-7 | ||
| 024 | |a 10.29180/978-615-6886-21-7_11 |2 doi | ||
| 040 | |a BGE Publikációtár Repozitórium |b hun | ||
| 100 | 1 | |a Horváth Vanda | |
| 245 | 1 | 0 | |a Generation Z as tourism consumers |b the impact of childhood tourism consumption and the socialization environment - marketing activities of the tourism industry on this group |c Horváth Vanda |h [elektronikus dokumentum] |
| 260 | |a Budapesti Gazdaságtudományi Egyetem |b Budapest |c 2025 | ||
| 300 | |a 109-118 | ||
| 490 | 0 | |a Szemelvények a BGE kutatásaiból 2024 | |
| 650 | 4 | |a szociológiai tudományok | |
| 695 | |a generation Z | ||
| 695 | |a childhood tourism | ||
| 695 | |a travel behaviour | ||
| 695 | |a socialization environment | ||
| 695 | |a tourism marketing | ||
| 856 | 4 | 0 | |u https://publikaciotar.uni-bge.hu/id/eprint/2574/1/BGE%20Szemelv%C3%A9nyek%202024%20III.%20k%C3%B6tet_11.pdf |z Dokumentum-elérés |